Doblando el ángulo recto. Siete ensayos en torno a Le Corbusier

Αποθηκεύτηκε σε:
Λεπτομέρειες βιβλιογραφικής εγγραφής
Κύριοι συγγραφείς: Calatrava Escobar, Juan (Συγγραφέας), Moos, Stanislaus von (Συγγραφέας), Abalos, Iñaki (Συγγραφέας), Quetglas, Josep (Συγγραφέας), Lahuerta Alsina, Juan José (Συγγραφέας), Cohen, Jean-Louis (Συγγραφέας), Hernández León, Juan Miguel (Συγγραφέας)
Μορφή: Βιβλίο
Γλώσσα:Ισπανικά
Έκδοση: Madrid Círculo de Bellas Artes 2009
Έκδοση:1a. ed
Θέματα:
Ετικέτες: Προσθήκη ετικέτας
Δεν υπάρχουν, Καταχωρήστε ετικέτα πρώτοι!

MARC

LEADER 00000nam a2200000 a 4500
001 UCG0502
003 CL-VaPUC
005 20240625130843.0
008 100325e20090000SP |||||||||||||||||spa|d
999 |c 340124  |d 340122 
020 |a 9788487619380 
040 |c Pontificia Universidad Católica de Valparaíso 
082 0 4 |a 720.1  |b CAL  |2 21 
100 0 |a Calatrava Escobar, Juan  |e author  |9 547951 
245 1 0 |a Doblando el ángulo recto. Siete ensayos en torno a Le Corbusier 
250 |a 1a. ed 
260 |a Madrid  |b Círculo de Bellas Artes  |c 2009 
300 |a 199 p 
583 |a last modification  |c 20150511 02:44:20  |k Rodrigo Vera 
600 |a Le Corbusier  |d 1887-1965  |9 547939 
650 0 |a Filosofía de la arquitectura  |9 267382 
650 0 |a Diseño arquitectónico   |9 265271 
650 0 |a Arquitectura contemporánea  |9 367350 
700 0 |a Moos, Stanislaus von  |e author  |9 547952 
700 0 |a Abalos, Iñaki  |e author  |9 547953 
700 0 |a Quetglas, Josep  |e author  |9 547954 
700 |a Lahuerta Alsina, Juan José  |e author  |9 559820 
700 0 |a Cohen, Jean-Louis  |e author  |9 547956 
700 0 |a Hernández León, Juan Miguel  |e author  |9 547957 
942 |c BK  |2 ddc 
945 |d 20100325 00:00:00  |a cmena 
952 |0 0  |1 0  |4 0  |6 720_100000000000000_CAL_2009  |7 0  |8 A  |9 434638  |a BIBARQ  |b BIBARQ  |d 2019-11-22  |i 4657055  |o 720.1 CAL 2009  |p 4657055  |r 2025-01-20  |w 2019-11-22  |y BK  |k ARQ